Vista normal
Vista MARC
- BANCA DE INVERSIÓN
Entrada Topical Term
Número de registros utilizados en: 1
001 - CONTROL NUMBER
- control field: 64335
003 - CONTROL NUMBER IDENTIFIER
- control field: OSt
005 - DATE AND TIME OF LATEST TRANSACTION
- control field: 20220822163122.0
008 - FIXED-LENGTH DATA ELEMENTS
- fixed length control field: 220822|| aca||aabn | a|a d
040 ## - CATALOGING SOURCE
- Original cataloging agency: OSt
- Transcribing agency: OSt
150 ## - HEADING--TOPICAL TERM
- Topical term or geographic name entry element: BANCA DE INVERSIÓN
670 ## - SOURCE DATA FOUND
- Source citation: Work cat.: (OSt)3516: Block, Stanley 16034, Administración financiera, 2005